Statistiche per Trasferimenti più costosi - Inghilterra

Clicka qui per fare il quiz!

Statistiche generali

  • Questo quiz è stato fatto 40 volte
  • Il punteggio medio è 10 su 20

Statistiche sulle risposte

Costo (M €)DaAAnnoCalciatore% Corretto
87Leicester CityManchester United2019Harry Maguire
97%
117,50Aston VillaManchester City2021Jack Grealish
94%
85Borussia DortmundManchester United2021Jadon Sancho
88%
63,70LiverpoolManchester City2015Raheem Sterling
85%
56,20Manchester CityChelsea2022Raheem Sterling
85%
40CheòseaRoma2021Tammy Abraham
67%
37,50Manchester UnitedReal Madrid2003David Beckham
55%
55,60EvertonManchester City2016John Stones
52%
49LeedsManchester City2022Kalvin Philips
48%
52,70TottenhamManchester City2017Kyle Walker
48%
37EvertonManchester United2004Wayne Rooney
42%
37,90LeicesterChelsea2017Danny Drinkwater
39%
58,50BrightonArsenal2021Ben White
36%
55Crystal PalaceManchester United2019Aaron Wan-Bissaka
33%
50,20Leicester CityChelsea2020Ben Chilwell
24%
46LeedsManchester United2002Rio Ferdinand
21%
38ArsenalLiverpool2017Alex Oxlade-Chamberlain
15%
41Newcastle UtdLiverpool2011Andy Carroll
15%
37,50SouthamptonManchester United2014Luke Shaw
15%
45,60EvertonNewcastle Utd2023Anthony Gordon
9%

Distribuzione punteggi

Percentile per numero di risposta

Percentuale di utenti per punteggio

I tuoi punteggi nel tempo

Non hai fatto questo quiz